Ronde des mots (Wordscapes) - Départements français - Statistiques

Statistiques générales
  • Ce quiz a été pris 181 fois
  • Le résultat moyen est 12 sur 15
Statistiques - réponses
Départements % Correct
Loire
94%
Ain
91%
Tarn
91%
Lot
90%
Loiret
86%
Oise
86%
Aisne
85%
Eure
84%
Eure-et-Loir
80%
Saône-et-Loire
78%
Orne
71%
Allier
70%
Isère
70%
Essonne
56%
La Réunion
40%
Aucun quiz correspondant
Distribution des résultats
% des personnes avec chaque résultat
Percentile par nombre de réponses
Votre historique - résultats
Vous n’avez pas pris ce quiz